Kraje produkujące najwięcej truskawek - Statystyki

Ogólne statystyki
  • Ten quiz został rozwiązany 1 342 razy
  • Średni wynik to 13 z 20
Statystyki odpowiedzi
1000 ton kraj % Poprawnych
178 Polska
97%
135 Niemcy
93%
360 Hiszpania
90%
3717 Chiny
86%
59 Francja
86%
176 Rosja
85%
125 Włochy
82%
66 Holandia
78%
1449 Stany Zjednoczone
75%
159 Japonia
67%
658 Meksyk
66%
59 Grecja
63%
400 Turcja
61%
80 Białoruś
45%
407 Egipt
44%
210 Korea Południowa
42%
128 Zjednoczone Królestwo
39%
162 Maroko
35%
56 Iran
33%
59 Kolumbia
30%
Nie znaleziono quizów pasujących do podanych kryteriów
Rozkład punktacji
Procent ludzi z każdym wynikiem
Percentyl według liczby udzielonych odpowiedzi
Twoja historia wyników
Nie rozwiązałeś tego quizu